000 00785nam a2200217Ii 4500
003 JO-AjNU
008 230605s9999||||xx |||||||||||||| ||und||
017 _a2000/9/2705
020 _a9957-05-055-9
040 _aJO-AjNU
_bara
_erda
_cJO-AjNU
041 _aara
050 1 4 _aPJ7561 2000
100 3 _aجكلي،زينب بيرة,
_eauthor
_913198
245 0 0 _aشعر الثورات الداخلية الجزء الثاني الفنون الشعرية والدراسات الفنية، ج2
264 3 1 _aعمان:دار الضياء للنشروالتوزيع،2000
300 _aج2، 288ص
336 _atext
_btxt
_2rdacontent
337 _aunmediated
_bn
_2rdamedia
338 _avolume
_bnc
_2rdacarrier
650 4 _aالشعر العربي-العصر العثماني
_913199
999 _aA3222
_c6790
_d6790